00473nam a2200205Ia 4500008004000000020001800040041000800058082001600066100002700082245004200109250000500151260003700156300001200193650000700205650001600212650000700228650001300235650001300248650000600261210210b2012 xxu||||| |||| 00| 0 eng d a9788120344921 aeng a338.09 PAIE aPAILWAR (Veena Keshav) aEconomic environment of business Ed 3 a aNDbPHI Learning Pvt. Ltd.c2012 axxv,485 aof aenvironment aEd aEconomic abusiness a3